000 00655 a2200193 4500
020 _a0194421465
020 _a9780194421461
090 _c1557
_d1557
100 1 _aSwan, Michael.
245 1 0 _aPractical english usage :
_binternational student's edition /
_cMichael Swan.
260 _a[S.l.] :
_bOxford,
_c2001.
300 _a654 p. ;
_c24 cm.
490 1 _aSecond edition.
500 _aPaperback.
830 0 _aSecond edition.
856 4 0 _3Amazon.com
_uhttp://www.amazon.com/exec/obidos/ASIN/0194421465/chopaconline-20
856 4 0 _3Amazon customer reviews
_uhttp://www.chopac.org/cgi-bin/tools/azrev.pl?q=0194421465
942 _aNBS
_cBK
_k425 SWA
999 _c344076
_d344076